Missing Word: Kate Winslet Quiz Stats

 Plays Quiz Updated Feb 23, 2012

Support Sporcle.
Go Orange.
Score 0/12 Timer 02:00
0 Plays Today
Hint Answer % Correct
Sense and _________Sensibility
90%
All The Kings ________Men
89%
Eternal Sunshine of the ________ MindSpotless
73.1%
________ Carol: The MovieChristmas
54.3%
Finding ________Neverland
45.1%
_________ RoadRevolutionary
37.7%
The ________ of David GaleLife
36.8%
Heavenly ________Creatures
20.9%
Holy ________!Smoke
15.8%
Little __________Children
12%
________ AwayFlushed
7.8%
________ & Cigarettes Romance
4.7%

Today's Daily Dose

Missing Word
'80s Musicals

Word Ladder
Hereditary

Get the Picture
Food Names

From the Vault

Pick the Correct Music Video

by SidharthSN

Music 2.5m
This is what we get for only listening to music instead of watching the videos, huh?
Remove Ads.
Support Sporcle.
Get the best of Sporcle when you Go Orange. This ad-free experience offers more features, more stats, and more fun while also helping to support Sporcle. Thank you for becoming a member.

Show Comments

Extras

Top Quizzes Today


Score Distribution

Your Account Isn't Verified!

In order to create a playlist on Sporcle, you need to verify the email address you used during registration. Go to your Sporcle Settings to finish the process.

Report this User

Report this user for behavior that violates our Community Guidelines.

Details: